| 000 | 00508cam a2200193ua 4500 | ||
|---|---|---|---|
| 001 | 6155 | ||
| 008 | 131130n ii |||gr||||Z||||||eng | ||
| 020 | _a81-272-2123-6 | ||
| 040 | _cMAIN | ||
| 082 | _a658.1511 | ||
| 245 |
_aManagement Accounting _cBy Shashi K. Gupta |
||
| 260 |
_aLudhiana: _bKalyani Publishers, _c1991. |
||
| 300 | _ax,39.21p. | ||
| 653 | _aGeneral management | ||
| 653 | _aManagement Accounting | ||
| 700 |
_aGupta,Shashi K., _eAuthor., |
||
| 700 |
_aSharma,R.K., _eAuthor. |
||
| 942 | _cBK | ||
| 999 |
_c5307 _d5307 |
||